000 00983cam a2200253 a 4500
001 000002817
005 20200929150250.0
008 880810s1986 cu b 001 f spa
010 _a88172163
040 _aDO-SdBNP
_cDLC
_dDLC
082 _aCu863.44
_bR696n
100 1 _aRodríguez Coronel, Rogelio,
_d1946-
_98903
245 1 3 _aLa novela de la Revolución Cubana, 1959-1979 /
_cRogelio Rodríguez Coronel.
260 _aLa Habana :
_bLetras Cubanas,
_c1986.
300 _a312 p. ;
_c18 cm.
440 0 _aGiraldilla
_98904
500 _aPortada de subtítulos: Ensayo.
504 _a"Novelas publicadas en Cuba entre 1959 y 1979": p. 304-312.
650 4 _aNovela cubana
_xHistoria y crítica
_ySIGLO XXI
_98905
650 4 _aLiteratura cubana
_xHistoria y crítica
_ySIGLO XXI
_98906
650 4 _aLiteratura latinoaméricana
_xHistoria y crítica
_ySIGLO XXI
_98907
651 4 _aCuba
_xHistoria
_xLucha De La Revolución,
_y1959-1979
_98908
910 _aCatalogación por copia / LC
999 _c2651
_d2651